Statistics for FIFA世界ランクTOP30

Click here to take the quiz!

General Stats

  • This quiz has been taken 4 times
  • The average score is 15 of 30

Answer Stats

HintAnswer% Correct
16ドイツ
100%
2フランス
100%
3イングランド
100%
7ポルトガル
100%
8スペイン
100%
9イタリア
100%
23韓国
100%
17日本
100%
29ウェールズ
50%
28チュニジア
50%
25オーストラリア
50%
22ウクライナ
50%
21イラン
50%
18スイス
50%
1アルゼンチン
50%
15コロンビア
50%
14メキシコ
50%
12アメリカ
50%
11ウルグアイ
50%
6オランダ
50%
5ブラジル
50%
4ベルギー
50%
13モロッコ
0%
19デンマーク
0%
20セネガル
0%
10クロアチア
0%
24オーストリア
0%
26スウェーデン
0%
27ハンガリー
0%
30アルジェリア
0%

Score Distribution

Percentile by Number Answered

Percent of People with Each Score

Your Score History

You have not taken this quiz